Hochleistungs-Heizpatronen HP 12.

Uložené v:
Podrobná bibliografia
Médium: Kniha
Jazyk:Slovak
German
English
Vydané: [2009].
Vydanie:1. vyd.
Témy:
Fyzický popis: 1 l.
Tagy: Pridať tag
Žiadne tagy, Buďte prvý kto otaguje tento záznam!

MARC

LEADER 00000nam#a22000003a#4500
001 000355708
003 SVKKK
005 20091208102928.0
008 091207s2009 xo |||| 0 slo#d
040 |a SVK  |b slo  |c SVK  |e AACR2 
041 1 # |a ger  |a eng 
044 |a gw  |c DE 
080 |a 62-65  |2 2001 
110 2 |a WEMA GmbH  |c Kalver Str. 28, D-58515 Lüdenscheid, Nemecko  |4 mfr 
245 1 0 |a Hochleistungs-Heizpatronen HP 12. 
250 |a 1. vyd. 
260 # |c [2009]. 
300 |a 1 l. 
655 7 |a firemné prospekty  |2 SNKPH 
910 |a svkkk 
998 |a FL 
090 |g SCKHL  |k SK42  |a 62-65  |j 219770  |i 219770  |4 zastaraná  |s Vyradená